History Quiz

Random History or Year Quiz

Year by Year Quiz Stats

Quiz Updated Oct 18, 2016

Also try: One Year Earlier
Challenge
Share
Tweet
Embed
Score 0/20 Timer 03:00
0 Plays Today
Significant event Year % Correct
Terrorists hijack two planes and crash them into New York's World Trade Towers2001
95.5%
Neil Armstrong & Edwin Aldrin become 1st men on the moon (Apollo 11)1969
94.2%
Germany invades Poland beginning World War II1939
93.4%
'A date that will live in infamy' (Japanese attack Pearl Harbor)1941
93%
Stock Market crashed causing Great Depression to begin ('Black Tuesday')1929
90.4%
Earthquake occurs in Haiti killing over 200,000 people2010
89%
John F. Kennedy was assassinated while riding with his wife1963
88.4%
Formal signing of the Declaration of Independence1776
87.8%
Christopher Columbus discovers America1492
87.7%
World War I begins when Austria-Hungary declares war on Serbia1914
86.4%
Significant event Year % Correct
Martin Luther King Jr. assassinated in Memphis, Tennessee1968
86.1%
Titanic sinks at 2:27 AM as the band plays (Off Newfoundland)1912
84.9%
Sporcle was founded!2007
80.3%
John Lennon, a member of the Beatles, dies1980
78.5%
Joseph Aloisius Ratzinger was elected Pope Benedict XVI2005
75.4%
President Abraham Lincoln is assassinated by John Wilkes Booth (Ford's Theater)1865
72.5%
George Washington inaugurated as 1st president of the U.S.1789
64.8%
U.S. army led by Gen Hull invade Canada (War of ____)1812
63.8%
Death of Queen Victoria1901
48.1%
The Great Fire of London begins at around 2 AM1666
26.7%

You're not logged in!

Compare scores with friends on all Sporcle quizzes.
Join for Free
OR
Log In

You Might Also Like...

Show Comments

Extras

Top Quizzes Today


Score Distribution

Your Account Isn't Verified!

In order to create a playlist on Sporcle, you need to verify the email address you used during registration. Go to your Sporcle Settings to finish the process.

Report this User

Report this user for behavior that violates our Community Guidelines.

Details: